| 000 | 00849nam a2200301Ia 4500 | ||
|---|---|---|---|
| 008 | 160803s9999 xx 000 0 und d | ||
| 020 | _a978-1416997788 | ||
| 100 | _aWinter, Jeantte | ||
| 245 | _aBiblioburro : | ||
| 245 | _cJeanette Winter. | ||
| 260 | _aNew York : | ||
| 260 | _bScholastic Inc. | ||
| 260 | _c2010 | ||
| 300 | _a1 volume (unpaged) : | ||
| 300 | _bcolor illustrations ; | ||
| 300 | _c21 cm | ||
| 650 | _aBiblioburro -- | ||
| 650 | _aLibrarians -- Colombia -- Biography -- | ||
| 650 | _aSoriano, Luis -- | ||
| 650 | _aTeachers -- Colombia -- Biography -- | ||
| 650 | _aTraveling libraries -- Colombia -- | ||
| 650 | _xJuvenile literature. | ||
| 650 | _xJuvenile literature. | ||
| 650 | _xJuvenile literature. | ||
| 650 | _xJuvenile literature. | ||
| 650 | _xJuvenile literature. | ||
| 700 | _a640 | ||
| 999 |
_c298366 _d298366 |
||